LA GUERRA JUDAICA

CONINTRODUCCION Y NOTAS A CARGO DE JOSE RICCIOTTI

Uloženo v:
Podrobná bibliografie
Hlavní autor: Josefo, Flavio (autor)
Médium: Kniha
Tagy: Přidat tag
Žádné tagy, Buďte první, kdo vytvoří štítek k tomuto záznamu!

MARC

LEADER 00000nam^a2200000^a^4500
001 000206585
005 20250521000000.0
009 20260310103151.702
035 |a 027021 
037 |a Acervo Xavier Clavigero 
082 |a 925.  |b JOS 
100 |a Josefo, Flavio  |e (autor) 
245 1 3 |a LA GUERRA JUDAICA 
264 |a BARCELONA :  |b ELER,  |c 1960 
336 |a texto  |b txt  |2 rdacontenido 
337 |a sin mediación  |b n  |2 rdamedio 
338 |a volumen  |b nc  |2 rdasoporte 
520 |a CONINTRODUCCION Y NOTAS A CARGO DE JOSE RICCIOTTI 
649 |a XX 
910 |a Fondo General 
920 |a Impresos - Libros 
930 |a Colección General 
905 |a 101 
901 |a 027021  |b IT1  |c ACC  |i 027021  |u 20250521 
901 |a 005268  |b IT1  |c ACC  |i 005268  |u 20250521 
902 |a https://opac.biblio.iteso.mx/vufind/Record/000206585